000 00449nam a2200157Ia 4500
005 20250509025845.0
008 240331s9999 xx 000 0 und d
020 _a9556520312
082 _a150
_bFER
100 _aFernando,N
245 0 _aDivi nasa ganeeme charyawa saha upadesana prathicara
260 _aMulleriyawa
_bWijasooriya Grantha Kendaraiya
_c2003
300 _a155 p .,
500 _aA Book about Suicide And Prevenient method
942 _cL
999 _c736
_d736